00499nam a2200157Ia 4500008004100000020001500041082001500056100004700071245004900118250000800167260004600175300003000221500001900251600002100270650005000291240925s9999 xx 000 0 und d a8120312414 a005.43 TAN aTanenbaum, Andrew S.; Woodhull, Albert S. 0aOperating Systems: design and implementation a2nd aNew Delhi:bPearson Printice Hallc,2002. axvi,1200p.bN.AfOriginal aIncludes Index aComputer Science aComputer science, information & general works